书目信息 |
| 题名: |
建筑企业经理手册
|
|
| 作者: | 中国建筑业协会 编 | |
| 分册: | ||
| 出版信息: | 北京 中国建筑工业出版社 1997.12 |
|
| 页数: | 1042页 | |
| 开本: | 16开 | |
| 丛书名: | ||
| 单 册: | ||
| 中图分类: | ||
| 科图分类: | ||
| 主题词: | 工业经济--经济理论 | |
| 电子资源: | ||
| ISBN: | 7-112-03372-1 | |
| 000 | 00625nam0 2200205 45 | |
| 001 | 9910131532 | |
| 005 | 20010315100207.2 | |
| 010 | @a7-112-03372-1@d90.00元 | |
| 100 | @a19991013d1997 km y0chiy0120 ea | |
| 101 | @achi | |
| 105 | @a z 000yy | |
| 200 | 1 | @a建筑企业经理手册@AJian Zhu Qi Ye Jing Li Shou Ce@f中国建筑业协会编@FZhong Guo Jian Zhu Ye Xie Hui Bian |
| 210 | @a北京@c中国建筑工业出版社@d1997.12 | |
| 215 | @a1042页@d16开 | |
| 606 | 0 | @a工业经济@x经济理论 |
| 690 | @v3 | |
| 690 | @aF407.96-62@v3 | |
| 701 | @a中国建筑业协会@4编 | |
| 801 | @aCN@bPFTUser@c19991013 | |
| 905 | @dF407.96-62@eZH:345@b328909-911@f3 | |
| 建筑企业经理手册/中国建筑业协会编.-北京:中国建筑工业出版社,1997.12 |
| 1042页;16开 |
| ISBN 7-112-03372-1:90.00元 |
| ● |
| 相关链接 |
|
|
|
正题名:建筑企业经理手册
索取号:F407.96-62/ZH:345
 
预约/预借
| 序号 | 登录号 | 条形码 | 馆藏地/架位号 | 状态 | 备注 |
| 1 | 328909 | 203289093 | 社科二线400B/400B社科库 31排4列2层/ [索取号:F407.96-62/ZH:345] | 在馆 | |
| 2 | 328910 | 203289100 | 社科二线400B/400B社科库 31排4列2层/ [索取号:F407.96-62/ZH:345] | 在馆 | |
| 3 | 328911 | 203289119 | 社科二线400B/400B社科库 31排4列2层/ [索取号:F407.96-62/ZH:345] | 在馆 |